| 000 | 00000nas 22000008a 4500 |
| 001 | 9.830648 |
| 003 | CaOODSP |
| 005 | 20221107145558 |
| 007 | cr ||||||||||| |
| 008 | 170117c20169999onc x m|o||||f0 a0oji|d |
| 022 | |a2562-0851 |
| 040 | |aCaOODSP|beng |
| 043 | |an-cn--- |
| 086 | 1 |aFo123-2Roj-PDF |
| 222 | 0|aWiindamaagewin ozhibii'igewin |
| 245 | 00|aWiindamaagewin ozhibii'igewin|h[electronic resource] / |cGreat Lakes Forestry Centre. |
| 246 | 3 |aInformation report. GLC-X series |
| 260 | |aSault Ste. Marie, Ontario : |bCanadian Forest Service, Great Lakes Forestry Centre, |c[2016]- |
| 310 | |aIrregular |
| 546 | |aText in Ojibway. |
| 710 | 1 |aCanada. |bNatural Resources Canada. |bCanadian Forest Service. |
| 775 | 08|tInformation report |w(CaOODSP)9.505580 |
| 792 | |tWiindamaagewin ozhibii'igewin|efre|w(CaOODSP)9.830650 |